000
00321nam a2200145Ia 4500
008
200615s9999||||xx |||||||||||||| ||und||
020
_a
9788171949991
082
_a
650
_b
ORG-N
100
_a
NEERU,VASITHTH
245
0
_a
ORGANATIONAL BEHAVIOUR
250
_a
1ST
260
_b
TAXMAN
_c
2012
300
_a
0
942
_c
BK
999
_c
27860
_d
27860